000 00294nam a22001337a 4500
008 170713b xxu||||| |||| 00| 0 eng d
020 _a9780198601609
041 _aeng
080 _a038
100 _a26
101 _aFJA
245 _aOXFORD RUSSIAN DICTIONARY
_cWHEELER,M
942 _2udc
_cBK
999 _c20406
_d20406